Hướng dẫn viết chương trình làm toán bằng Visual Basic 6.0

Đã lưu trong:
书目详细资料
主要作者: Đậu, Quang Tuấn
格式: 图书
语言:Undetermined
出版: Thành phố Hồ Chí Minh Tổng hợp Thành phố Hồ Chí Minh 2005
主题:
标签: 添加标签
没有标签, 成为第一个标记此记录!
Thư viện lưu trữ: Trung tâm Học liệu Trường Đại học Cần Thơ
LEADER 00718nam a2200193Ia 4500
001 CTU_106197
008 210402s9999 xx 000 0 und d
020 |c 40000 
082 |a 519.700285 
082 |b T502 
100 |a Đậu, Quang Tuấn 
245 0 |a Hướng dẫn viết chương trình làm toán bằng Visual Basic 6.0 
245 0 |c Đậu Quang Tuấn 
260 |a Thành phố Hồ Chí Minh 
260 |b Tổng hợp Thành phố Hồ Chí Minh 
260 |c 2005 
650 |a Basic (Computer program language),Programming ( Mathematics ),Microsoft Visual Basic 
904 |i Minh (Nguyên sửa) 
980 |a Trung tâm Học liệu Trường Đại học Cần Thơ